[Event "IECG CE.2005.0.00086 email"]
[Site "IECG email"]
[Date "2005.06.04"]
[Round "?"]
[White "Ivchencov, Vladislav"]
[Black "Alessandrini, Alfredo"]
[Result "0-1"]
[WhiteElo "1200"]
[BlackElo "1210"]
[PlyCount "32"]
[EventDate "2005.06.04"]
[EventType "tourn (corr)"]
[EventRounds "6"]
[SourceTitle "Corr 2008"]
[Source "ChessBase"]
[SourceDate "2008.06.24"]
[SourceVersion "1"]
[SourceVersionDate "2008.06.24"]
[SourceQuality "1"]

1. e4 c6 2. d4 d5 3. Nc3 dxe4 4. Nxe4 Bf5 5. Ng3 Bg6 6. Nf3 Nd7 7. Bc4 e6 8. 0-0 Bd6 9. Bd2 Ngf6 10. Re1 0-0 11. Re2 b5 12. Bb3 Qc7 13. Rc1 a5 14. a4 Rab8 15. Bc3 b4 16. Bd2 c5 0-1

[Event "IECG CE.2005.0.00081 email"]
[Site "IECG email"]
[Date "2004.01.30"]
[Round "?"]
[White "Ivchencov, Vladislav"]
[Black "Juntunen, Juha"]
[Result "0-1"]
[WhiteElo "1200"]
[BlackElo "1291"]
[PlyCount "58"]
[EventDate "2005.01.30"]
[EventType "tourn (corr)"]
[EventRounds "6"]
[SourceTitle "Corr 2008"]
[Source "ChessBase"]
[SourceDate "2008.06.24"]
[SourceVersion "1"]
[SourceVersionDate "2008.06.24"]
[SourceQuality "1"]

1. e4 e6 2. d4 d5 3. exd5 exd5 4. Bd3 Nf6 5. Nf3 Nc6 6. 0-0 Be7 7. Nc3 0-0 8. Bf4 Bg4 9. Be2 Re8 10. Re1 Bd6 11. Bxd6 Qxd6 12. Nb5 Qd7 13. Ne5 Nxe5 14. dxe5 Rxe5 15. f3 Bf5 16. g4 Bg6 17. f4 Rxe2 18. Qxe2 Re8 19. Qf1 Qxg4+ 20. Qg2 Qxf4 21. Rxe8+ Nxe8 22. Re1 Be4 23. Qg3 Qh6 24. Nc3 Nd6 25. Nxe4 Nxe4 26. Qxc7 Qg5+ 27. Kf1 Qf5+ 28. Ke2 Qf2+ 29. Kd3 Qd2# 0-1